[Event "Autumn Cup"]
[Site "Box Hill"]
[Date "2002.03.08"]
[Round "5.48"]
[White "Wong, Stephanie"]
[Black "Mihalopoulos, Jason"]
[Result "0-1"]
[WhiteElo "728"]
[BlackElo "914"]
[Annotator "sf"]
[PlyCount "106"]
[EventDate "2002.02.08"]

1. e4 d5 2. exd5 Nf6 3. Nc3 Nxd5 4. Nxd5 Qxd5 5. Nf3 Bg4 6. h3 Bf5 7. d3 Nc6 8.
Be2 O-O-O 9. b3 e6 10. Bd2 Be7 11. a4 Nb4 12. Rb1 Qc6 13. Rc1 Na2 14. Ra1 Nb4
15. Rc1 Qb6 16. Ne5 Rhf8 17. Nc4 Qc5 18. Be3 Qc6 19. Bf3 Nd5 20. Ne5 Qc3+ 21.
Qd2 Qxe5 22. c4 Bb4 23. Qxb4 Nxb4 24. O-O Bxd3 25. Rfe1 Qf6 26. Bc5 Na2 27.
Bxf8 Nxc1 28. Rxc1 Rxf8 29. c5 Qb2 30. Re1 e5 31. a5 f5 32. Bd1 Qc1 33. b4 Bc2
34. b5 Rd8 35. c6 Rxd1 36. Rxd1 Qxd1+ 37. Kh2 bxc6 38. bxc6 Qd5 39. f3 Qxc6 40.
a6 Qxa6 41. Kh1 c5 42. h4 c4 43. h5 c3 44. g4 Bd3 45. h6 gxh6 46. g5 hxg5 47.
f4 exf4 48. Kh2 Qh6+ 49. Kg2 Qe6 50. Kh3 c2 51. Kg2 g4 52. Kh2 c1=Q 53. Kg2
Qe2# 0-1

[Event "Autumn Cup"]
[Site "Box Hill"]
[Date "2002.03.08"]
[Round "5.49"]
[White "Leong, Melford"]
[Black "Qian, Paul"]
[Result "0-1"]
[WhiteElo "635"]
[BlackElo "911"]
[Annotator "sf"]
[PlyCount "92"]
[EventDate "2002.02.08"]

1. e4 e5 2. Nf3 Nc6 3. g3 d6 4. Bg2 Nf6 5. Nc3 Be6 6. O-O Be7 7. d3 O-O 8. Qe2
Bg4 9. h3 Bxf3 10. Qxf3 Nd4 11. Qd1 c6 12. Re1 h6 13. Be3 Ne6 14. Qd2 Kh7 15.
Kh2 d5 16. Rh1 d4 17. Nd5 dxe3 18. Qxe3 cxd5 19. exd5 Nxd5 20. Qe4+ Kh8 21. Qf5
Nd4 22. Qxe5 Bf6 23. Qe4 Re8 24. Qg4 g6 25. c4 h5 26. Qd1 Nc7 27. Qd2 Re2 28.
Qb4 Rxb2 29. Qe1 Re2 30. Qf1 Re6 31. Rb1 Rb8 32. Be4 Rxe4 33. dxe4 Nf3+ 34. Kg2
Nd2 35. Qg1 Nxb1 36. Qxb1 Ne6 37. Qg1 h4 38. Qh2 Qd4 39. gxh4 Qxe4+ 40. Kf1 Rd8
41. f3 Rd1+ 42. Kg2 Qe2+ 43. Kg3 Be5+ 44. Kg4 Bxh2 45. Rxh2 Qxh2 46. h5 Rd4+
0-1

[Event "Autumn Cup"]
[Site "Box Hill"]
[Date "2002.03.15"]
[Round "6.1"]
[White "Gluzman, Michael"]
[Black "Saw, Geoffrey"]
[Result "1-0"]
[WhiteElo "2363"]
[BlackElo "2179"]
[Annotator "tw"]
[PlyCount "101"]
[EventDate "2002.02.08"]

1. e4 e5 2. d4 exd4 3. Qxd4 Nc6 4. Qa4 Nf6 5. Bg5 h6 6. Bh4 Qe7 7. Nc3 g5 8.
Bg3 Qb4 9. O-O-O Qxa4 10. Nxa4 d6 11. Nc3 Bd7 12. h4 g4 13. Nd5 Nxd5 14. exd5
Ne5 15. h5 O-O-O 16. Ne2 Be7 17. Bf4 Bg5 18. g3 Nf3 19. Nc3 Bf5 20. Bg2 Rde8
21. Bxg5 hxg5 22. Bxf3 gxf3 23. h6 a6 24. Rdg1 Bg6 25. g4 Rh7 26. Rg3 Reh8 27.
Rgh3 b5 28. a3 Kb7 29. Kd2 Kb6 30. b4 a5 31. bxa5+ Kxa5 32. Rb1 Rb8 33. Rb4
Rhh8 34. Nd1 c5 35. dxc6 Rbc8 36. Rxf3 Rxc6 37. Rc3 Rhc8 38. Rxc6 Rxc6 39. Nc3
Rc5 40. Rd4 Rc6 41. Rd5 Rc5 42. Rxc5 dxc5 43. Nd5 Ka4 44. Nf6 Kxa3 45. h7 Bxh7
46. Nxh7 c4 47. Nxg5 b4 48. Ne4 b3 49. cxb3 cxb3 50. Kc3 Ka2 51. Nd2 1-0

[Event "Autumn Cup"]
[Site "Box Hill"]
[Date "2002.03.15"]
[Round "6.2"]
[White "Lojanica, Milenko"]
[Black "Bourmistrov, Denis"]
[Result "1/2-1/2"]
[WhiteElo "1985"]
[BlackElo "1922"]
[Annotator "tw"]
[PlyCount "78"]
[EventDate "2002.02.08"]

1. g4 e5 2. Bg2 Bc5 3. e3 Nc6 4. Nc3 a6 5. Nge2 d6 6. h3 h5 7. gxh5 Nf6 8. Ng3
Be6 9. b3 d5 10. Bb2 Qd7 11. Qe2 O-O-O 12. O-O-O Kb8 13. Na4 Bd6 14. Kb1 Qe7
15. d4 e4 16. Rc1 Bxg3 17. fxg3 Nxh5 18. Qe1 f5 19. Nc5 Bc8 20. Bf1 g5 21. c4
f4 22. cxd5 Rxd5 23. gxf4 gxf4 24. Nxa6+ bxa6 25. Rxc6 Bb7 26. Rg6 Ng3 27. Rxg3
fxg3 28. Qxg3 Rg5 29. Qe1 Qd6 30. Bc4 Qg3 31. Qb4 a5 32. Qe7 Qxe3 33. Bc1 Rg1
34. Rxg1 Qxg1 35. d5 Qg6 36. Bf4 Qg1+ 37. Bc1 Qd4 38. Bb2 Qd1+ 39. Bc1 Qd4
1/2-1/2

[Event "Autumn Cup"]
[Site "Box Hill"]
[Date "2002.03.15"]
[Round "6.3"]
[White "Sharman, Scot A"]
[Black "Raine, Marcus"]
[Result "0-1"]
[WhiteElo "1682"]
[BlackElo "1912"]
[Annotator "tw"]
[PlyCount "48"]
[EventDate "2002.02.08"]

1. e4 c5 2. Nf3 d6 3. d4 cxd4 4. Nxd4 Nf6 5. Nc3 Nbd7 6. Be2 a6 7. f4 e5 8. Nb3
b5 9. a3 Bb7 10. Bf3 Be7 11. Be3 O-O 12. Qe2 exf4 13. Bxf4 Ne5 14. O-O-O Qc7
15. Rhe1 Rac8 16. Qf2 Nc4 17. Rd3 Nd7 18. Bg4 f5 19. Bxf5 Bf6 20. Be6+ Kh8 21.
Bxc4 bxc4 22. Bxd6 Bg5+ 23. Kb1 Rxf2 24. Bxc7 cxd3 0-1

[Event "Autumn Cup"]
[Site "Box Hill"]
[Date "2002.03.15"]
[Round "6.4"]
[White "Wheelwright, Philip"]
[Black "Chowdhury, Mahmud"]
[Result "1-0"]
[WhiteElo "1826"]
[BlackElo "1676"]
[Annotator "tw"]
[PlyCount "67"]
[EventDate "2002.02.08"]

1. d4 d5 2. c4 e6 3. Nc3 Nf6 4. Bg5 Be7 5. Nf3 O-O 6. e3 h6 7. Bh4 b6 8. Bd3
Bb7 9. O-O Nbd7 10. Rc1 c5 11. cxd5 exd5 12. Bxf6 Nxf6 13. dxc5 bxc5 14. b3 Rc8
15. Qe2 Bd6 16. Rfd1 Re8 17. Ba6 Qb6 18. Bxb7 Qxb7 19. Qd3 Red8 20. g3 Bb8 21.
Qb5 Qxb5 22. Nxb5 Ne4 23. Nc3 Nf6 24. Na4 a5 25. Nxc5 Bd6 26. Nb7 Ba3 27. Nxd8
Bxc1 28. Nb7 Ba3 29. Nd4 Bb4 30. a3 Bxa3 31. Nxa5 Rc5 32. Nac6 Bb2 33. b4 Rc3
34. b5 1-0

[Event "Autumn Cup"]
[Site "Box Hill"]
[Date "2002.03.15"]
[Round "6.5"]
[White "Dizdarevic, Mehmedalija"]
[Black "Wen, Phillip"]
[Result "1-0"]
[WhiteElo "1912"]
[BlackElo "1699"]
[Annotator "tw"]
[PlyCount "90"]
[EventDate "2002.02.08"]

1. e4 e6 2. d4 d5 3. Nc3 dxe4 4. Nxe4 Bd7 5. Bd3 Bc6 6. Nf3 Nd7 7. Qe2 Ngf6 8.
Nxf6+ Nxf6 9. c3 Be7 10. O-O Qd5 11. Bf4 Bd6 12. Bxd6 Qxd6 13. Ne5 Nd5 14. Qh5
g6 15. Qf3 Rf8 16. Nxc6 Qxc6 17. c4 Nb4 18. Be4 Qxc4 19. Rac1 Qxa2 20. Rxc7 Nd5
21. Rxb7 Rc8 22. Re1 Ne7 23. Qf6 Ng8 24. Qe5 Qa6 25. g3 f6 26. Qf4 Rf7 27. Rb3
g5 28. Qe3 Rd8 29. d5 e5 30. Ra3 Qb6 31. Qd3 Ne7 32. Ra6 Qb4 33. Rea1 f5 34.
Bg2 e4 35. Qe3 Rxd5 36. Rxa7 h6 37. Ra8+ Kd7 38. Qa7+ Ke6 39. Ra6+ Rd6 40. Rd8
Nc6 41. Rxd6+ Qxd6 42. Qb6 Kd5 43. Qb3+ Kc5 44. Qxf7 Qd1+ 45. Bf1 Nd4 1-0

[Event "Autumn Cup"]
[Site "Box Hill"]
[Date "2002.03.15"]
[Round "6.6"]
[White "Jenkins, Keith"]
[Black "Lojanica, Zdravko"]
[Result "0-1"]
[WhiteElo "1670"]
[BlackElo "1817"]
[Annotator "tw"]
[PlyCount "103"]
[EventDate "2002.02.08"]

1. d4 d6 2. c4 c6 3. Nc3 g6 4. e4 Bg7 5. Be3 Nf6 6. f3 O-O 7. Qd2 Re8 8. Bd3 a6
9. Nge2 b5 10. O-O e5 11. d5 b4 12. Na4 c5 13. a3 a5 14. axb4 axb4 15. b3 Re7
16. Nxc5 Rxa1 17. Rxa1 dxc5 18. Bxc5 Rb7 19. Ra4 Bf8 20. Bxf8 Qxf8 21. Nc1 Qc5+
22. Kf1 Bd7 23. Ra8 Kg7 24. Be2 Nh5 25. Nd3 Qd4 26. c5 Nf4 27. Qb2 Qc3 28. Qxc3
bxc3 29. c6 Bxc6 30. dxc6 Nxc6 31. Nxf4 exf4 32. Bc4 Nd4 33. Ke1 Nxb3 34. Bxb3
Rxb3 35. Rc8 Rb1+ 36. Ke2 Rb2+ 37. Kd3 Rd2+ 38. Kxc3 Rxg2 39. e5 g5 40. Kd4 Re2
41. Rc3 h5 42. Rc7 g4 43. fxg4 hxg4 44. Rc6 Rxh2 45. Ke4 f3 46. Rf6 f2 47. Ke3
g3 48. Ke2 Rh5 49. Rf3 Rxe5+ 50. Kf1 Re1+ 51. Kg2 Rg1+ 52. Kh3 0-1

[Event "Autumn Cup"]
[Site "Box Hill"]
[Date "2002.03.15"]
[Round "6.7"]
[White "Umber, George"]
[Black "Nemeth, Janos"]
[Result "0-1"]
[WhiteElo "1551"]
[BlackElo "1873"]
[Annotator "tw"]
[PlyCount "76"]
[EventDate "2002.02.08"]

1. d4 Nf6 2. c4 g6 3. Nc3 Bg7 4. e4 O-O 5. Nf3 d6 6. Be2 Nbd7 7. O-O e5 8. h3
c5 9. dxe5 dxe5 10. Qc2 a6 11. Rd1 Qe7 12. Nd5 Nxd5 13. exd5 e4 14. Nh2 f5 15.
Bd2 Ne5 16. f4 Nf7 17. Be3 Qd6 18. Rf1 Bd7 19. Rab1 Rfc8 20. a4 Rab8 21. b3 b5
22. axb5 axb5 23. Qd2 b4 24. g4 Bc3 25. Qd1 Ra8 26. Rf2 Ra2 27. gxf5 Bxf5 28.
Bg4 Rxf2 29. Kxf2 Nh6 30. Bxf5 Nxf5 31. Qg4 Ra8 32. Nf1 Ra2+ 33. Kg1 Kg7 34. h4
h5 35. Qh3 Nxe3 36. Nxe3 Qxf4 37. Rf1 Qd6 38. Qc8 Qh2# 0-1

[Event "Autumn Cup"]
[Site "Box Hill"]
[Date "2002.03.15"]
[Round "6.8"]
[White "O'Connor, Phil"]
[Black "Lawson, Shane"]
[Result "1-0"]
[WhiteElo "1492"]
[BlackElo "1636"]
[Annotator "jp"]
[PlyCount "47"]
[EventDate "2002.02.08"]

1. d4 Nf6 2. Nf3 d6 3. c4 g6 4. Nc3 Bg7 5. e4 O-O 6. Be3 e5 7. dxe5 dxe5 8.
Qxd8 Rxd8 9. Nd5 Nxd5 10. cxd5 c6 11. Bc4 cxd5 12. Bxd5 h6 13. Rc1 Nd7 14. Rc7
Rb8 15. Bxa7 Ra8 16. Be3 Bf8 17. O-O Bd6 18. Bxb7 Bxb7 19. Rxb7 Rxa2 20. Rd1
Kg7 21. Kf1 Ra6 22. b4 Nf8 23. Nxe5 Kf6 24. Nxf7 1-0

[Event "Autumn Cup"]
[Site "Box Hill"]
[Date "2002.03.15"]
[Round "6.9"]
[White "Stojic, Dusan"]
[Black "Meydan, Arie"]
[Result "1-0"]
[WhiteElo "1577"]
[BlackElo "1804"]
[Annotator "tw"]
[PlyCount "129"]
[EventDate "2002.02.08"]

1. e4 e6 2. d4 d5 3. e5 c5 4. c3 Nc6 5. Nf3 f6 6. Bb5 Bd7 7. O-O a6 8. Bxc6
Bxc6 9. Re1 f5 10. Nbd2 Nh6 11. Nf1 Nf7 12. Qb3 Qd7 13. Bd2 Be7 14. Ng3 O-O 15.
Nxf5 Bd8 16. Ng3 Ba4 17. Qa3 cxd4 18. cxd4 Rc8 19. Rac1 Be7 20. Bb4 Bxb4 21.
Qxb4 Bb5 22. Qd2 Rc4 23. Rxc4 dxc4 24. Rd1 Bc6 25. Ng5 Qd5 26. f3 Ba4 27. Rc1
Nxg5 28. Qxg5 Qxd4+ 29. Kh1 Bc2 30. Qe7 Qd2 31. Rg1 Qd5 32. Re1 Bg6 33. Qd6 Rd8
34. Qxd5 Rxd5 35. Kg1 Rd2 36. Re2 c3 37. bxc3 Rd1+ 38. Kf2 Rc1 39. Rd2 Rxc3 40.
Rd8+ Kf7 41. Rd7+ Kf8 42. Rxb7 Rc2+ 43. Kg1 Rxa2 44. Rb6 Bf7 45. Ne4 Bg6 46.
Nc5 Ra5 47. Nxe6+ Kf7 48. f4 Bd3 49. Ng5+ Kf8 50. Rb8+ Ke7 51. Rb7+ Kf8 52.
Ne6+ Ke8 53. Nxg7+ Kf8 54. e6 Ra1+ 55. Kf2 Rf1+ 56. Ke3 Bg6 57. Ke2 Rxf4 58.
e7+ Kg8 59. g3 Re4+ 60. Kf2 a5 61. h4 Bf7 62. Nf5 Re5 63. Rb8+ Be8 64. Rxe8+
Kf7 65. Rf8+ 1-0

[Event "Autumn Cup"]
[Site "Box Hill"]
[Date "2002.03.15"]
[Round "6.10"]
[White "Kildisas, Victor E"]
[Black "Lee, Michelle"]
[Result "1-0"]
[WhiteElo "1803"]
[BlackElo "1646"]
[Annotator "jd"]
[PlyCount "87"]
[EventDate "2002.02.08"]

1. d4 Nf6 2. c4 c5 3. d5 b5 4. cxb5 a6 5. bxa6 Bxa6 6. g3 g6 7. b3 Bg7 8. Bb2
O-O 9. Bg2 d6 10. Nh3 Nbd7 11. O-O Qb6 12. Bc3 c4 13. b4 Bb5 14. a4 Ba6 15. a5
Qc7 16. Na3 Rfb8 17. Nc2 Bb7 18. Ra3 e6 19. dxe6 fxe6 20. Nf4 Bxg2 21. Nxg2 d5
22. Qa1 e5 23. e3 Ne4 24. Rd1 Rf8 25. Be1 Ndf6 26. f3 Ng5 27. Nh4 e4 28. f4 Ng4
29. Bc3 Bxc3 30. Qxc3 Nh3+ 31. Kg2 Nhf2 32. Rxd5 Rad8 33. Qd4 Rxd5 34. Qxd5+
Kh8 35. Qd4+ Kg8 36. Qc5 Qf7 37. h3 Rd8 38. hxg4 Rd2 39. Qc8+ Kg7 40. Kf1 Rxc2
41. a6 Kh6 42. Ra5 Qe7 43. Rh5+ Kg7 44. Qb7 1-0

[Event "Autumn Cup"]
[Site "Box Hill"]
[Date "2002.03.15"]
[Round "6.11"]
[White "Dutka, Janusz"]
[Black "Liston, Howard"]
[Result "1-0"]
[WhiteElo "1904"]
[BlackElo "1596"]
[Annotator "hl"]
[PlyCount "53"]
[EventDate "2002.02.08"]

1. d4 d5 2. c4 dxc4 3. Nf3 Nf6 4. e3 e6 5. Bxc4 c5 6. O-O a6 7. Bd3 b5 8. dxc5
Bxc5 9. a3 Bb7 10. b4 Be7 11. Bb2 O-O 12. Nc3 Nbd7 13. Qe2 Rc8 14. Rfd1 Qb6 15.
e4 e5 16. Nd5 Nxd5 17. exd5 f6 18. Bf5 Qd6 19. Be6+ Kh8 20. Nh4 g6 21. Qe3 Kg7
22. Qg3 f5 23. Nxf5+ Rxf5 24. Bxf5 Rf8 25. Bxd7 Qxd7 26. Bxe5+ Bf6 27. Rac1 1-0

[Event "Autumn Cup"]
[Site "Box Hill"]
[Date "2002.03.15"]
[Round "6.12"]
[White "Chmiel, Rad"]
[Black "Kempen, Leon"]
[Result "1/2-1/2"]
[WhiteElo "1598"]
[BlackElo "2008"]
[Annotator "jd"]
[PlyCount "110"]
[EventDate "2002.02.08"]

1. Nf3 d6 2. d4 Nf6 3. c4 c6 4. g3 Bg4 5. Qb3 Qb6 6. Bg2 Na6 7. O-O Qxb3 8.
axb3 Nb4 9. Na3 e6 10. Bd2 d5 11. c5 Na6 12. Nc2 Be7 13. Rfe1 Ne4 14. Bf4 g5
15. Bc1 Bh5 16. Ne5 Bg6 17. Nxc6 Bf6 18. Rxa6 bxa6 19. N2b4 a5 20. Nd3 g4 21.
Nxa5 Bxd4 22. b4 O-O 23. Nc6 Bf6 24. Bf4 Rfc8 25. b5 Bd8 26. Ra1 Kg7 27. Rxa7
Rxa7 28. Nxa7 Rxc5 29. Nxc5 Nxc5 30. Nc6 Bb6 31. Be3 Bc2 32. Bd4+ f6 33. b4 Nd7
34. e3 Bd3 35. Bf1 Be4 36. Be2 h5 37. Bxb6 Nxb6 38. Nd4 e5 39. f3 exd4 40. fxe4
dxe3 41. exd5 Nxd5 42. Kf1 f5 43. Bc4 Nxb4 44. Ke2 Kf6 45. Kxe3 Ke5 46. Bb3 h4
47. b6 Nc6 48. b7 Nb8 49. gxh4 f4+ 50. Kf2 Kf6 51. Bd1 Kf5 52. h5 Kg5 53. h6
g3+ 54. hxg3 fxg3+ 55. Kxg3 Kxh6 1/2-1/2

[Event "Autumn Cup"]
[Site "Box Hill"]
[Date "2002.03.15"]
[Round "6.13"]
[White "Le, Tuan N"]
[Black "Nemeth, Laszlo"]
[Result "1-0"]
[WhiteElo "1954"]
[BlackElo "1494"]
[Annotator "jd"]
[PlyCount "35"]
[EventDate "2002.02.08"]

1. d4 g6 2. e4 Bg7 3. Nf3 d6 4. c4 Nc6 5. Nc3 Nf6 6. d5 Ne5 7. Nxe5 dxe5 8. Be2
e6 9. O-O exd5 10. cxd5 O-O 11. Be3 a6 12. Rc1 Bd7 13. Qb3 Rb8 14. Ba7 Ra8 15.
Qxb7 Bb5 16. Nxb5 axb5 17. Bxb5 Nxe4 18. Qxc7 1-0

[Event "Autumn Cup"]
[Site "Box Hill"]
[Date "2002.03.15"]
[Round "6.14"]
[White "Stanning, Trevor"]
[Black "Flude, David A"]
[Result "0-1"]
[WhiteElo "1583"]
[BlackElo "1749"]
[Annotator "jd"]
[PlyCount "64"]
[EventDate "2002.02.08"]

1. e4 d5 2. exd5 Nf6 3. Bb5+ Nbd7 4. Nc3 a6 5. Bc4 b5 6. Bb3 Nc5 7. Nge2 Nxb3
8. axb3 Nxd5 9. Nxb5 Bb7 10. Nbc3 Nxc3 11. Nxc3 Bxg2 12. Rg1 Bb7 13. Qg4 Qd6
14. d3 h5 15. Qg3 Qxg3 16. hxg3 e5 17. Ra5 Bd6 18. Be3 f6 19. Ke2 O-O-O 20. Ne4
Be7 21. Nc5 Bxc5 22. Bxc5 g5 23. f3 h4 24. gxh4 gxh4 25. Rg7 Rd7 26. Rxd7 Kxd7
27. Bg1 h3 28. Bh2 Rg8 29. Bxe5 fxe5 30. Rxe5 Rg2+ 31. Ke3 h2 32. Rh5 Rxc2 0-1

[Event "Autumn Cup"]
[Site "Box Hill"]
[Date "2002.03.15"]
[Round "6.15"]
[White "Stojic, Svetozar"]
[Black "Jukic, Davor"]
[Result "0-1"]
[WhiteElo "1575"]
[BlackElo "1725"]
[Annotator "jd"]
[PlyCount "82"]
[EventDate "2002.02.08"]

1. e4 d5 2. exd5 Qxd5 3. Nc3 Qa5 4. d4 Nf6 5. Bd2 Nbd7 6. Qf3 c6 7. Ne4 Qc7 8.
Bd3 Nxe4 9. Bxe4 Nf6 10. Bf4 Qb6 11. O-O-O Bg4 12. Qe3 Bxd1 13. Kxd1 Qxb2 14.
Ne2 Qxa2 15. Nc1 Qe6 16. f3 Nxe4 17. Qxe4 Qxe4 18. fxe4 e6 19. Ke2 Be7 20. Nd3
O-O 21. Rb1 b6 22. Ke3 f6 23. c3 a5 24. Rxb6 a4 25. Rb1 g5 26. Bg3 h5 27. h4
gxh4 28. Bxh4 Rfb8 29. Ra1 a3 30. Kd2 Kf7 31. Ra2 Rb7 32. Nf4 Rab8 33. Nd3 Rg8
34. g3 Rb1 35. e5 Rg1 36. Ke3 R8xg3+ 37. Bxg3 Rxg3+ 38. Ke2 Rg2+ 39. Nf2 fxe5
40. dxe5 Bc5 41. Kf3 Rxf2+ 0-1

[Event "Autumn Cup"]
[Site "Box Hill"]
[Date "2002.03.15"]
[Round "6.17"]
[White "Lacey, David"]
[Black "Turner, Adrian E"]
[Result "1/2-1/2"]
[WhiteElo "1559"]
[BlackElo "1660"]
[Annotator "jd"]
[PlyCount "60"]
[EventDate "2002.02.08"]

1. e4 e5 2. Nf3 Nf6 3. Nxe5 d6 4. Nf3 Nxe4 5. d4 d5 6. Bd3 Be7 7. O-O O-O 8. c4
Nf6 9. cxd5 Nxd5 10. Nc3 c6 11. Ne5 Be6 12. Re1 Nd7 13. Nxd5 Bxd5 14. Nxd7 Qxd7
15. Qh5 g6 16. Qh6 Bf6 17. Qf4 Bg7 18. Be3 Rfe8 19. b3 Re6 20. f3 Rae8 21. Bf2
a6 22. Kf1 Bf8 23. Rxe6 Rxe6 24. Qd2 Qc7 25. Bg3 Bd6 26. Bxd6 Qxd6 27. h3 Qa3
28. Re1 a5 29. Rxe6 Bxe6 30. Bc4 Bxc4+ 1/2-1/2

[Event "Autumn Cup"]
[Site "Box Hill"]
[Date "2002.03.15"]
[Round "6.18"]
[White "Alamanos, John"]
[Black "Exner, Rolf"]
[Result "0-1"]
[WhiteElo "1375"]
[BlackElo "1624"]
[Annotator "jd"]
[PlyCount "98"]
[EventDate "2002.02.08"]

1. d4 Nf6 2. c4 e6 3. Nc3 Bb4 4. a3 Bxc3+ 5. bxc3 c5 6. Nf3 O-O 7. Qc2 h6 8. e4
d6 9. Bd3 Nbd7 10. O-O Qc7 11. h3 b6 12. Bf4 Bb7 13. d5 Rfe8 14. Rfe1 Re7 15.
e5 dxe5 16. Nxe5 Nxe5 17. Bxe5 Qd7 18. Bxf6 gxf6 19. dxe6 fxe6 20. Rad1 Qc7 21.
Qc1 Rg7 22. Be4 Bxe4 23. Rxe4 Qc6 24. Rg4 Rxg4 25. hxg4 Kg7 26. Qc2 Rh8 27. Qd3
Rf8 28. Qg3 e5 29. f4 Qe6 30. g5 hxg5 31. fxg5 f5 32. Rd5 f4 33. Qd3 e4 34. Qd1
e3 35. Rd7+ Rf7 36. Rxf7+ Qxf7 37. Qd3 Qe7 38. Kf1 Qxg5 39. Qd7+ Kg6 40. Qxa7
Qf6 41. Qb7 Kg5 42. Qd5+ Qf5 43. Qd8+ Kg4 44. Qg8+ Kh4 45. Qh8+ Qh5 46. Qd8+
Kg3 47. Qd5 Qh1+ 48. Ke2 Qxg2+ 49. Ke1 Qd2+ 0-1

[Event "Autumn Cup"]
[Site "Box Hill"]
[Date "2002.03.15"]
[Round "6.19"]
[White "Lugo, Ruperto"]
[Black "Parker, Derek"]
[Result "1-0"]
[WhiteElo "1599"]
[BlackElo "1570"]
[Annotator "jd"]
[PlyCount "58"]
[EventDate "2002.02.08"]

1. Nf3 d5 2. g3 c5 3. Bg2 Nc6 4. O-O Bf5 5. d3 e6 6. c3 Nge7 7. Re1 e5 8. e4
dxe4 9. Nh4 Qxd3 10. Qxd3 exd3 11. Nxf5 Nxf5 12. Bxc6+ bxc6 13. Rxe5+ Ne7 14.
Rxc5 Kd7 15. Rc4 Rd8 16. Rd4+ Kc7 17. Bf4+ Kc8 18. Rxd8+ Kxd8 19. Nd2 Nd5 20.
Bb8 Bc5 21. Nb3 Bb6 22. Bd6 Re8 23. Bc5 Re2 24. Rb1 Rc2 25. Bxb6+ axb6 26. Nd4
Rd2 27. Nxc6+ Kd7 28. Ne5+ Ke6 29. Nc4 Kf6 1-0

[Event "Autumn Cup"]
[Site "Box Hill"]
[Date "2002.03.15"]
[Round "6.20"]
[White "Kloprogge, Ion"]
[Black "Waller, A (Tony)"]
[Result "0-1"]
[WhiteElo "1457"]
[BlackElo "1755"]
[Annotator "tw"]
[PlyCount "62"]
[EventDate "2002.02.08"]

1. e4 c5 2. Nf3 Nc6 3. Bc4 e6 4. a3 a6 5. Nc3 Qc7 6. d4 cxd4 7. Qxd4 Nxd4 8.
Bd3 Nxf3+ 9. gxf3 Nf6 10. Bg5 b5 11. O-O Bd6 12. Bh4 Bxh2+ 13. Kg2 Be5 14. Ne2
Nh5 15. c3 Nf4+ 16. Nxf4 Bxf4 17. Rad1 Bb7 18. Bc2 g5 19. Bg3 h5 20. Rh1 Ke7
21. Bh2 g4 22. Bg1 gxf3+ 23. Kxf3 f5 24. Rh4 fxe4+ 25. Ke2 Rag8 26. Rd4 Rxg1
27. Bxe4 Bg5 28. Rh3 Qe5 29. f3 d5 30. Kf2 Rc1 31. Bd3 Qe1+ 0-1

[Event "Autumn Cup"]
[Site "Box Hill"]
[Date "2002.03.15"]
[Round "6.21"]
[White "Lycett, Garry"]
[Black "Simpson, Bruce"]
[Result "1-0"]
[WhiteElo "1711"]
[BlackElo "1421"]
[Annotator "sf"]
[PlyCount "59"]
[EventDate "2002.02.08"]

1. e4 c5 2. Nf3 e6 3. d4 cxd4 4. Nxd4 Nc6 5. Be3 Be7 6. Nc3 a6 7. Be2 Bf6 8.
Qd2 Nxd4 9. Bxd4 Bxd4 10. Qxd4 Qf6 11. O-O-O Qxd4 12. Rxd4 Ne7 13. Rhd1 O-O 14.
f4 f5 15. e5 Nc6 16. Rd6 b5 17. Bf3 Rb8 18. Bxc6 dxc6 19. Rxc6 Re8 20. Rc7 Rb7
21. Rc6 Ra7 22. Rdd6 Rae7 23. g3 h6 24. Ne2 g5 25. Rc3 g4 26. Nd4 Kf7 27. Nc6
Rd7 28. Rcd3 Rxd6 29. exd6 Bd7 30. Ne5+ 1-0

[Event "Autumn Cup"]
[Site "Box Hill"]
[Date "2002.03.15"]
[Round "6.23"]
[White "Miller, Anthony"]
[Black "Hickman, Casey"]
[Result "1-0"]
[WhiteElo "1517"]
[BlackElo "1118"]
[Annotator "sf"]
[PlyCount "113"]
[EventDate "2002.02.08"]

1. d4 d5 2. Nf3 Nf6 3. Bf4 Nc6 4. e3 Bf5 5. c3 a6 6. Nbd2 e6 7. Qb3 b5 8. Qd1
Bd6 9. Ne5 Bxe5 10. dxe5 Ng4 11. Nf3 Be4 12. a4 Bxf3 13. gxf3 Ngxe5 14. axb5 g5
15. Bxe5 Nxe5 16. bxa6 Qd6 17. Be2 Ke7 18. b4 c6 19. Qd4 Rhc8 20. f4 gxf4 21.
Qxf4 Ng6 22. Qxd6+ Kxd6 23. f4 Rc7 24. Kd2 Rca7 25. Rhb1 Kc7 26. Bd3 f5 27. c4
Rxa6 28. Rxa6 Rxa6 29. cxd5 Ra2+ 30. Kc3 cxd5 31. b5 Rxh2 32. b6+ Kb7 33. Ba6+
Kb8 34. Kb3 Rh3 35. Rc1 Rxe3+ 36. Kb2 Ne7 37. Rc7 Rg3 38. Rxe7 Rg8 39. Rxe6 Rh8
40. Rh6 d4 41. Kc2 Rd8 42. Rxh7 Re8 43. Rf7 Rg8 44. Rxf5 Rd8 45. Kd3 Re8 46.
Rc5 Rd8 47. Rc8+ Rxc8 48. Bxc8 Kxc8 49. Kxd4 Kb7 50. Kc5 Kc8 51. Kc6 Kb8 52. f5
Kc8 53. b7+ Kb8 54. f6 Ka7 55. f7 Kb8 56. f8=Q+ Ka7 57. Qa8# 1-0

[Event "Autumn Cup"]
[Site "Box Hill"]
[Date "2002.03.15"]
[Round "6.24"]
[White "Loizou, Loizos"]
[Black "Bourmistrov, Alex"]
[Result "0-1"]
[WhiteElo "1274"]
[BlackElo "1500"]
[Annotator "sf"]
[PlyCount "88"]
[EventDate "2002.02.08"]

1. d4 Nf6 2. c4 g6 3. Nc3 Bg7 4. e3 O-O 5. Nf3 d6 6. Be2 Nbd7 7. O-O c5 8. b3
b6 9. Bb2 Bb7 10. Rb1 a6 11. d5 Qc7 12. Bd3 Rae8 13. e4 e5 14. Bc1 Bc8 15. Bg5
Nh5 16. Qd2 Ndf6 17. Bh6 Ng4 18. Bxg7 Nxg7 19. Be2 f5 20. Ng5 f4 21. Qd3 h6 22.
Nf3 Rf7 23. Qd1 Qe7 24. h3 Nf6 25. Nh2 Kh8 26. Ng4 h5 27. Nxf6 Qxf6 28. f3 Qg5
29. Qe1 Bxh3 30. Rf2 Bc8 31. Bd3 h4 32. Kf1 Nh5 33. Ke2 Ng3+ 34. Kd2 Rh7 35.
Ne2 Kg7 36. Nxg3 fxg3+ 37. f4 gxf2 38. fxg5 fxe1=Q+ 39. Rxe1 Rf8 40. Ke3 Bg4
41. Rh1 h3 42. g3 Rf3+ 43. Kd2 Rxg3 44. Bf1 h2 0-1

[Event "Autumn Cup"]
[Site "Box Hill"]
[Date "2002.03.15"]
[Round "6.25"]
[White "Sellayah, Renishka"]
[Black "Muthusamy, Reubban"]
[Result "1-0"]
[WhiteElo "1126"]
[BlackElo "1206"]
[Annotator "sf"]
[PlyCount "59"]
[EventDate "2002.02.08"]

1. d4 d5 2. Nf3 Nc6 3. e3 e6 4. c3 Bd6 5. Bd3 Nf6 6. Nbd2 O-O 7. e4 dxe4 8.
Nxe4 h6 9. O-O b6 10. Nxf6+ Qxf6 11. Be4 Bd7 12. Qd3 Rfd8 13. Nd2 Bf4 14. Bh7+
Kh8 15. Ne4 Ne5 16. dxe5 Qxe5 17. Bxf4 Qxf4 18. Rad1 f5 19. Bxf5 exf5 20. Ng3
Qg5 21. Qd2 Qf6 22. Qd4 Qe7 23. Rfe1 Qf8 24. Nh5 Qf7 25. Nf4 Qf8 26. Ng6+ Kg8
27. Nxf8 Kxf8 28. Re3 c5 29. Qd6+ Kg8 30. Re7 1-0

[Event "Autumn Cup"]
[Site "Box Hill"]
[Date "2002.03.15"]
[Round "6.27"]
[White "Chong, Trevor"]
[Black "Sucevic, Milic"]
[Result "1/2-1/2"]
[WhiteElo "1220"]
[BlackElo "1594"]
[Annotator "sf"]
[PlyCount "33"]
[EventDate "2002.02.08"]

1. e4 c5 2. c3 e5 3. Nf3 d6 4. d4 cxd4 5. cxd4 exd4 6. Nxd4 Nc6 7. Bc4 Be6 8.
Bxe6 fxe6 9. Nxe6 Qe7 10. Ng5 Nf6 11. Nc3 h6 12. Nd5 Nxd5 13. Qh5+ Kd7 14. Qg4+
Ke8 15. Qh5+ Kd7 16. Qg4+ Ke8 17. Qh5+ 1/2-1/2

[Event "Autumn Cup"]
[Site "Box Hill"]
[Date "2002.03.15"]
[Round "6.28"]
[White "Suderson, Sunilson"]
[Black "Yu, Derek"]
[Result "1-0"]
[WhiteElo "1593"]
[BlackElo "850"]
[Annotator "sf"]
[PlyCount "45"]
[EventDate "2002.02.08"]

1. e4 e5 2. Nf3 Nc6 3. Bb5 a6 4. Ba4 b5 5. Bb3 Nf6 6. O-O Bc5 7. Re1 O-O 8. c3
Re8 9. d3 Bb7 10. Nbd2 Ng4 11. d4 Bb6 12. h3 Nf6 13. d5 Na5 14. Bc2 d6 15. b4
Nc4 16. Nxc4 bxc4 17. Qe2 c5 18. Rb1 cxb4 19. Rxb4 Rc8 20. Bg5 Rc5 21. Bxf6
Qxf6 22. Rxb6 Rb5 23. Rb1 1-0

[Event "Autumn Cup"]
[Site "Box Hill"]
[Date "2002.03.15"]
[Round "6.29"]
[White "Papa, James"]
[Black "Palit, Vikram"]
[Result "1/2-1/2"]
[WhiteElo "1433"]
[BlackElo "1489"]
[Annotator "sf"]
[PlyCount "51"]
[EventDate "2002.02.08"]

1. d4 d5 2. c4 e6 3. Nc3 Nf6 4. Bg5 Nbd7 5. cxd5 exd5 6. e3 c6 7. Bd3 Qa5 8.
Nf3 Bb4 9. Qc2 O-O 10. O-O Re8 11. Rac1 h6 12. Bh4 Bxc3 13. Qxc3 Qxc3 14. bxc3
Ne4 15. c4 g5 16. Bg3 Nxg3 17. hxg3 dxc4 18. Bxc4 Nb6 19. Bd3 Be6 20. a3 Bd5
21. Be2 Kg7 22. Ne5 f6 23. Nc4 Red8 24. Rfe1 g4 25. Bd3 h5 26. Red1 1/2-1/2